000 01256cam a2200313 a 4500
999 _c330850
_d330850
001 15879659
003 NUST
005 20170817104903.0
008 090825r20091975pk a b 001 0aeng
010 _a 2009361187
025 _aP-E-2009361187; 20
040 _aDLC
_cDLC
_dDLC
042 _alcode
_apcc
043 _aa-pk---
050 0 0 _aDS392.K34
_bA37 2009
082 _a923.2
_bKHA
100 0 _aAhmad Yar Khan,
_d1904-1979.
_93934
245 1 0 _aInside Baluchistan :
_ba political autobiography of His Highness Baiglar Baigi, Khan-e-Azam-XIII Mir Ahmad Yar Khan Baluch, Khan-e-Baluch, ex-ruler of Kalat State.
250 _a1 ed.
260 _aKarachi :
_bRoyal Book Co.,
_c2009.
300 _axx, 352 p. :
_bill. ;
_c24 cm.
500 _aOriginally published: 1975.
504 _aIncludes bibliographical references (p. [329]-337) and index.
600 0 0 _aAhmad Yar Khan,
_d1904-1979.
_93934
650 0 _aStatesmen
_zPakistan
_zKalat (Princely State)
_vBiography.
_93935
651 0 _aKalat (Princely State)
_xPolitics and government.
_93936
651 0 _aBalochistān (Pakistan)
_xPolitics and government.
_93937
906 _a7
_bcbc
_corigcop
_d3
_encip
_f20
_gy-gencatlg
942 _2ddc
_cBK